Travail et multiactivité (notice n° 1641649)

détails MARC
000 -LEADER
fixed length control field 02275cam a2200169 4500500
005 - DATE AND TIME OF LATEST TRANSACTION
control field 20260201113846.0
041 ## - LANGUAGE CODE
Language code of text/sound track or separate title fre
042 ## - AUTHENTICATION CODE
Authentication code dc
100 10 - MAIN ENTRY--PERSONAL NAME
Personal name Lantz, Pierre
Relator term author
245 00 - TITLE STATEMENT
Title Travail et multiactivité
260 ## - PUBLICATION, DISTRIBUTION, ETC.
Date of publication, distribution, etc. 2012.<br/>
500 ## - GENERAL NOTE
General note 27
520 ## - SUMMARY, ETC.
Summary, etc. RésuméCet article interroge la façon dont une pratique alternative de commercialisation des fruits et légumes bien connue des sciences sociales — les Associations pour le maintien d’une agriculture paysanne (AMAP) — s’est développée dans un espace géographique limité — l’extrême Sud-Est de la France. L’étude sur le temps long des appropriations différenciées de cette innovation sociale et commerciale par les agriculteurs, permet de mettre en évidence et d’expliquer son « itinéraire ». Ainsi, des premières AMAP (nommées comme telles) aux systèmes de paniers qui se développent aujourd’hui, la dimension non marchande de la transaction semble avoir disparu. Parmi les explications qui sont traitées ici, on trouve la diversification des profils sociologiques des agriculteurs qui commercialisent en AMAP, et les transformations des conditions de mise en marché des produits issus de l’agriculture biologique.
520 ## - SUMMARY, ETC.
Summary, etc. Some farmers against market ? The itinerary of an alternative marketing system for fruit and vegetableThis paper questions the way that an alternative practice for marketing fruit and vegetable, well-known by social sciences — Community Supported Agriculture (CSA) — has developed in a limited area — the extreme south-east of France. The long-term study of differentiated appropriations of this social and commercial innovation by farmers, allows us to enhance and explain its « itinerary ». From the first CSA (named in such a way) to baskets systems which develop today, the non-market dimension seems to have disappeared. Among the explanations which are treated here, we find the diversification of farmers’ sociological profiles, and the transformation of organic local products’ marketing conditions.
786 0# - DATA SOURCE ENTRY
Note L'Homme & la Société | 183-184 | 1 | 2012-10-01 | p. 283-291 | 0018-4306
856 41 - ELECTRONIC LOCATION AND ACCESS
Uniform Resource Identifier <a href="https://shs.cairn.info/revue-l-homme-et-la-societe-2012-1-page-283?lang=fr&redirect-ssocas=7080">https://shs.cairn.info/revue-l-homme-et-la-societe-2012-1-page-283?lang=fr&redirect-ssocas=7080</a>

Pas d'exemplaire disponible.

PLUDOC

PLUDOC est la plateforme unique et centralisée de gestion des bibliothèques physiques et numériques de Guinée administré par le CEDUST. Elle est la plus grande base de données de ressources documentaires pour les Étudiants, Enseignants chercheurs et Chercheurs de Guinée.

Adresse

627 919 101/664 919 101

25 boulevard du commerce
Kaloum, Conakry, Guinée

Réseaux sociaux

Powered by Netsen Group @ 2025